Animal Crossing - les Villageois Cerfs / Biches [avec image] - Statistiques

Statistiques générales
  • Ce quiz a été pris 27 fois
  • Le résultat moyen est 8 sur 12
Statistiques - réponses
Par images Réponse % Correct
Stefaon
89%
Bibi
84%
Bichoune
79%
Abraham
74%
Shino
74%
Didi
63%
Nacer
63%
Rosanne
58%
Jon
53%
Chelsea
47%
Régis
47%
Boubou
42%
Aucun quiz correspondant
Distribution des résultats
% des personnes avec chaque résultat
Percentile par nombre de réponses
Votre historique - résultats
Vous n’avez pas pris ce quiz